=LDR 00000nam 2200000 4500 =001 INLIS000000000011773 =005 20130612103321 =008 ***********************************Ind** =035 ##$$0010-061300000011773 =041 ##$$a Ind =082 ##$$a F Rom K =090 ##$$a F Rom K, Sup m =100 ##$$a Supardi, Bahrudin =245 ##$$a Negri Mainan, Bahruddin Supardi =260 ##$$a 28 cm $b Bandung =650 ##$$a Fiksi kanak-Kanak =850 ##$$a NBPNMAT